Planning development (Record no. 81942)

MARC details
000 -LEADER
fixed length control field 00690nam a2200169 a 4500
008 - FIXED-LENGTH DATA ELEMENTS--GENERAL INFORMATION
fixed length control field 120416s1970 ||||||||||||||||| || u
050 ## - LIBRARY OF CONGRESS CALL NUMBER
Classification number HD 82 Gri
100 ## - MAIN ENTRY--PERSONAL NAME
Personal name Griffin, Keith B
245 10 - TITLE STATEMENT
Title Planning development
260 ## - PUBLICATION, DISTRIBUTION, ETC.
Place of publication, distribution, etc. London
Name of publisher, distributor, etc. Addison-Wesley
Date of publication, distribution, etc. [1970]
300 ## - PHYSICAL DESCRIPTION
Extent xiii,262p.
350 ## -
-- 0.00
650 #0 - SUBJECT ADDED ENTRY--TOPICAL TERM
Topical term or geographic name entry element ECONOMICS
650 ## - SUBJECT ADDED ENTRY--TOPICAL TERM
Topical term or geographic name entry element ECONOMIC PLANNING--DEVELOPMENT
995 ## -
-- ANNEX COLLECTION (Main Library)
-- 0.00
-- 704122
-- CBU-MAIN LIBRARY (Kitwe)
-- 1
-- 0.00
-- HD 82 Gri
-- 1
-- AVAILABLE
-- 003945
-- Annex Low-Usage Collection
995 ## -
-- ANNEX COLLECTION (Main Library)
-- 0.00
-- 710207
-- CBU-MAIN LIBRARY (Kitwe)
-- 2
-- 0.00
-- HD 82 Gri
-- 2
-- AVAILABLE
-- 003946
-- Annex Low-Usage Collection
999 ## -
-- 81942
-- 81942
Holdings
Withdrawn status Lost status Source of classification or shelving scheme Damaged status Not for loan Permanent Location Current Location Shelving location Date acquired Total Checkouts Full call number Barcode Date last seen Copy number Price effective from Koha item type
          CBU-MAIN LIBRARY, KITWE. CBU-MAIN LIBRARY, KITWE.   09/12/2023   HD 82 Gri 003945 09/12/2023 1 09/12/2023 MONOGRAPH
          CBU-MAIN LIBRARY, KITWE. CBU-MAIN LIBRARY, KITWE.   09/12/2023   HD 82 Gri 003946 09/12/2023 2 09/12/2023 MONOGRAPH